| 000 | 00595cam a2200217ua 4500 | ||
|---|---|---|---|
| 001 | 9791 | ||
| 005 | 20260515114525.0 | ||
| 008 | 160831n ii |||gr||||Z||||||asm | ||
| 040 | _cMAIN | ||
| 041 | _aasm | ||
| 082 | _a294.3 | ||
| 100 |
_aThakur, Doityari, _eAuthor. |
||
| 245 |
_aMahapurukh Sri Sankardeva aru Sri Madhavdeva charit _cBy Doityari Thakur |
||
| 250 | _a2nd ed. | ||
| 260 |
_aGuwahati: _bDuttabaruah & company, _c1989. |
||
| 300 | _a389p. | ||
| 653 | _aReligions ofIndic origin | ||
| 653 | _aReligious literature | ||
| 700 |
_aDuttabaruah, Harinarayan, _eEditor. |
||
| 942 | _cBK | ||
| 999 |
_c8793 _d8793 |
||